Manual de formularios para ayuntamientos / Luis Chacón Ortega
ISBN:
84-7028-131-3
Descripción Física:
3 v. ; 23 cm
MARC
| LEADER | 00000nam a2200000Ia 4500 | ||
|---|---|---|---|
| 001 | 14040, 14041, 14042 | ||
| 008 | 160829s1984 - 1985 xx 000 0 cat d | ||
| 020 | |a 84-7028-131-3 (o.c.), 84-7028-132-1 (v.1), 84-7028-133-x (v.2), 84-7028-121-6 (v.3) | ||
| 080 | |a M-4-93, M-4-94, M-4-95 | ||
| 100 | |a Chacón Ortega, Luis |9 22768 | ||
| 245 | |a Manual de formularios para ayuntamientos / Luis Chacón Ortega | ||
| 260 | |a Barcelona : |b Bayer, |c 1984 - 1985 | ||
| 300 | |a 3 v. ; |c 23 cm | ||
| 590 | |a Índex. | ||
| 590 | |a Hi ha una edició en català amb R. 18209 i 18210 | ||
| 650 | |a Formularis administratius |x Espanya |9 23195 | ||
| 650 | |a Administració local |x Espanya |x Formularis |9 23196 | ||
| 866 | |a 1 (3a ed.), 2 (3a ed.), 3 | ||
| 901 | |a Arxiu | ||
| 942 | |n 1 | ||
| 952 | |0 0 |1 0 |4 0 |6 M493_M494_M495 |7 1 |9 47948 |a Arxiu |b Arxiu |d 2016-12-01 |l 0 |o M-4-93, M-4-94, M-4-95 |p 14040, 14041, 14042 |r 2016-12-01 00:00:00 |w 2016-12-01 |y ARXIU | ||
| 999 | |c 51748 |d 51748 | ||